College Football Stadiums - Statistics

General Stats
  • This quiz has been taken 84 times
  • The average score is 60 of 136
Answer Stats
Hint Answer % Correct
Michigan Stadium Michigan
100%
Clemson Memorial Stadium Clemson
98%
Ohio Stadium Ohio State
98%
Beaver Stadium Penn State
98%
Texas Memorial Stadium Texas
98%
Notre Dame Stadium Notre Dame
97%
Rose Bowl UCLA
97%
Tiger Stadium LSU
95%
Kyle Field Texas A&M
95%
Bryant-Denny Stadium Alabama
94%
Razorback Stadium Arkansas
94%
Spartan Stadium Michigan State
94%
Oklahoma Memorial Stadium Oklahoma
94%
Los Angeles Memorial Coliseum USC
94%
Neyland Stadium Tennessee
92%
Husky Stadium Washington
91%
California Memorial Stadium California
89%
Hard Rock Stadium Miami (FL)
88%
Sanford Stadium Georgia
85%
Arizona Stadium Arizona
82%
Jordan-Hare Stadium Auburn
80%
Camp Randall Stadium Wisconsin
80%
Kansas Memorial Stadium Kansas
78%
Doak S. Campbell Stadium Florida State
77%
Stanford Stadium Stanford
77%
Memorial Stadium (Bloomington) Indiana
75%
Cajun Field Louisiana
75%
Rice Stadium Rice
75%
Autzen Stadium Oregon
74%
Ben Hill Griffin Stadium Florida
72%
Navy-Marine Corps Memorial Stadium Navy
72%
Williams-Brice Stadium South Carolina
71%
Memorial Stadium (Champaign) Illinois
69%
Kinnick Stadium Iowa
69%
Raymond James Stadium South Florida
68%
Delaware Stadium Delaware
66%
Alamodome UTSA
65%
Memorial Stadium, Tom Osborne Field Nebraska
63%
Allegiant Stadium UNLV
63%
Lane Stadium Virginia Tech
62%
LaVell Edwards Stadium BYU
60%
Kroger Field Kentucky
60%
Lincoln Financial Field Temple
60%
Acrisure Stadium Pittsburgh
58%
Bobby Dodd Stadium Georgia Tech
57%
Vaught-Hemingway Stadium Ole Miss
57%
Bill Snyder Family Stadium Kansas State
54%
Aggie Memorial Stadium New Mexico State
54%
Space City Financial Stadium Houston
52%
Boone Pickens Stadium Oklahoma State
52%
Falcon Stadium Air Force
51%
JMA Wireless Dome Syracuse
51%
Folsom Field Colorado
49%
Davis Wade Stadium Mississippi State
49%
Sun Bowl Stadium UTEP
49%
Rice-Eccles Stadium Utah
45%
Jones AT&T Stadium Texas Tech
43%
Acrisure Bounce House UCF
43%
Faurot Field Missouri
42%
Reser Stadium Oregon State
42%
Snapdragon Stadium San Diego State
42%
Albertsons Stadium Boise State
40%
Carter-Finley Stadium NC State
40%
Nippert Stadium Cincinnati
38%
Lanny and Shannon Martin Stadium (Temporary) Northwestern
38%
Michie Stadium Army
37%
UB Stadium Buffalo
37%
Pitbull Stadium Florida International
37%
Jack Trice Stadium Iowa State
37%
McLane Stadium Baylor
35%
Huskie Stadium Northern Illinois
35%
Gerald J Ford Stadium SMU
35%
Huntington Bank Stadium Minnesota
34%
FirstBank Stadium Vanderbilt
34%
Ross-Ade Stadium Purdue
32%
Amon G. Carter Stadium TCU
32%
Mountain America Stadium Arizona State
31%
Glass Bowl Toledo
31%
Yulman Stadium Tulane
31%
Milan Puskar Stadium West Virginia
31%
SHI Stadium Rutgers
29%
Protective Stadium UAB
28%
Scott Stadium Virginia
28%
Wallace Wade Stadium Duke
26%
Simmons Bank Liberty Stadium Memphis
26%
Ching Athletics Complex Hawaii
25%
Kenan Stadium North Carolina
25%
Valley Children's Stadium Fresno State
23%
SECU Stadium Maryland
23%
Pratt & Whitney Stadium at Rentschler Field UConn
23%
Kidd Brewer Stadium Appalachian State
22%
Canvas Stadium Colorado State
22%
Dowdy-Ficklen Stadium East Carolina
22%
Center Parc Stadium Georgia State
22%
L&N Stadium Louisville
22%
Martin Stadium Washington State
22%
Alumni Stadium Boston College
20%
Jerry Richardson Stadium Charlotte
20%
Joe Aillet Stadium Louisiana Tech
20%
Joan C. Edwards Stadium Marshall
20%
Rynearson Stadium Eastern Michigan
18%
Malone Stadium Louisiana-Monroe
18%
DATCU Stadium North Texas
18%
Maverik Stadium Utah State
18%
Allen E. Paulson Stadium Georgia Southern
17%
Fifth Third Stadium Kennesaw State
17%
Dix Stadium Kent State
17%
CEFCU Stadium San Jose State
17%
M.M. Roberts Stadium Southern Miss
17%
McGuirk Alumni Stadium UMass
17%
Allegacy Federal Credit Union Stadium Wake Forest
17%
War Memorial Stadium Wyoming
17%
Kelly/Shorts Stadium Central Michigan
15%
Brooks Stadium Coastal Carolina
15%
Johnny "Red" Floyd Stadium Middle Tennessee
15%
Waldo Stadium Western Michigan
15%
InfoCision Stadium Akron
14%
Centennial Bank Stadium Arkansas State
14%
Scheumann Stadium Ball State
14%
Flagler Credit Union Stadium Florida Atlantic
14%
Williams Stadium Liberty
14%
University Stadium New Mexico
14%
Hancock Whitney Stadium South Alabama
14%
Veterans Memorial Stadium Troy
14%
Doyt L. Perry Stadium Bowling Green
12%
Bridgeforth Stadium James Madison
12%
Yager Stadium Miami (OH)
12%
Mackay Stadium Nevada
12%
Peden Stadium Ohio
12%
S.B. Ballard Stadium Old Dominion
12%
Shell Energy Stadium Sam Houston
12%
H.A. Chapman Stadium Tulsa
12%
Houchens Industries-L.T. Smith Stadium Western Kentucky
12%
AmFirst Stadium Jacksonville State
11%
Plaster Stadium Missouri State
11%
UFCU Stadium Texas State
11%
No matching quizzes found
Score Distribution
Percent of People with Each Score
Percentile by Number Answered
Your Score History
You have not taken this quiz